2024 Ncaa College Football Preseason Rankings - Statistics

General Stats
  • This quiz has been taken 230 times
  • The average score is 21 of 25
Answer Stats
Hint Answer % Correct
Sec Georgia
99%
Sec Texas
99%
Sec Texas a&m
99%
Big Ten Ohio St
98%
Big Ten Michigan
97%
Sec Alabama
96%
Independent Notre Dame
95%
Big Ten Oregon
94%
Big Ten Penn St
93%
Sec Ole Miss
92%
Acc Florida St
91%
Acc Clemson
89%
Sec Tennessee
89%
Sec Oklahoma
87%
Big Ten Iowa
81%
Big 12 Kansas
79%
Big 12 Kansas St
79%
Big Ten Usc
79%
Sec Lsu
78%
Acc Miami
77%
Sec Missouri
73%
Big 12 Oklahoma St
73%
Big 12 Arizona
71%
Big 12 Utah
66%
Acc Nc State
41%
No matching quizzes found
Score Distribution
Percent of People with Each Score
Percentile by Number Answered
Your Score History
You have not taken this quiz